Свет багульника; (Record no. 144299)
[ view plain ]
| 000 -LEADER | |
|---|---|
| fixed length control field | 00998nam a2200229 u 4500 |
| 001 - CONTROL NUMBER | |
| control field | 000377453 |
| 003 - CONTROL NUMBER IDENTIFIER | |
| control field | AM-YeHGA |
| 005 - DATE AND TIME OF LATEST TRANSACTION | |
| control field | 20250617132043.0 |
| 008 - FIXED-LENGTH DATA ELEMENTS--GENERAL INFORMATION | |
| fixed length control field | 041104s1990 ||| r 000 0 rus d |
| 020 ## - INTERNATIONAL STANDARD BOOK NUMBER | |
| International Standard Book Number | 528001110X |
| 040 ## - CATALOGING SOURCE | |
| Original cataloging agency | AM-YeHGA |
| 041 0# - LANGUAGE CODE | |
| Language code of text/sound track or separate title | rus |
| 090 ## - LOCALLY ASSIGNED LC-TYPE CALL NUMBER (OCLC); LOCAL CALL NUMBER (RLIN) | |
| -- | 145683 |
| 100 1# - MAIN ENTRY--PERSONAL NAME | |
| Personal name | Полухин, Юрий Дмитриевич. |
| 245 10 - TITLE STATEMENT | |
| Title | Свет багульника; |
| Remainder of title | Улица Грановского, 2 : Романы; Споры о Трубецком : Эссе / |
| Statement of responsibility, etc. | Юрий Полухин; Вступ. ст., сост., подгот. текста Л. Рудневой. |
| 246 34 - VARYING FORM OF TITLE | |
| Title proper/short title | Улица Грановского, 2 |
| 260 ## - PUBLICATION, DISTRIBUTION, ETC. | |
| Place of publication, distribution, etc. | Москва : |
| Name of publisher, distributor, etc. | Худож. лит., |
| Date of publication, distribution, etc. | 1990. |
| 300 ## - PHYSICAL DESCRIPTION | |
| Extent | 752 с. |
| Other physical details | [1] л. портр. |
| 500 ## - GENERAL NOTE | |
| General note | Загл. пер. и корешка : Улица Грановского, 2 |
| 600 14 - SUBJECT ADDED ENTRY--PERSONAL NAME | |
| Personal name | Трубецкой, Сергей Петрович |
| 700 1# - ADDED ENTRY--PERSONAL NAME | |
| Personal name | Руднева, Любовь |
| Relator term | сост. |
| -- | авт. предисл. |
| Relationship | com |
| -- | aui |
| Withdrawn status | Lost status | Damaged status | Not for loan | Collection | Home library | Current library | Date acquired | Total checkouts | Full call number | Barcode | Date last seen | Price effective from | Koha item type | Public note |
|---|---|---|---|---|---|---|---|---|---|---|---|---|---|---|
| General | Fundamental Scientific Library | Fundamental Scientific Library | 22/12/2016 | 882 | 120624516 | 22/12/2016 | 22/12/2016 | Գրքեր / Books | 30 Days Loan |
ՀՀ Գիտությունների ազգային ակադեմիայի հիմնարար գիտական գրադարան = Fundamental Scientific Library of NAS RA
All site content, except where otherwise noted, is licensed under a